[Event "Mecklenburg VP-ch U14"]
[Site "Malchow"]
[Date "2014.02.04"]
[Round "7"]
[White "Jaster, Steven"]
[Black "Ladwig, Nick"]
[Result "0-1"]
[WhiteElo "1281"]
[BlackElo "1221"]
[PlyCount "38"]
[EventDate "2014.02.01"]
[EventType "swiss"]
[EventRounds "7"]
[EventCountry "GER"]
[SourceTitle "EXT 2017"]
[Source "ChessBase"]
[SourceDate "2016.10.25"]
[SourceVersion "1"]
[SourceVersionDate "2016.10.25"]
[SourceQuality "1"]

1. e4 e5 2. Nf3 Nc6 3. d4 exd4 4. Nxd4 Bc5 5. Be3 d6 6. Bc4 Nxd4 7. Bxd4 Qg5 8. 0-0 Bxd4 9. Qxd4 Bh3 10. g3 Bxf1 11. Kxf1 Ne7 12. Nc3 Nc6 13. Qd3 0-0-0 14. Bxf7 Ne5 15. Be6+ Kb8 16. Qd1 Rhf8 17. Bb3 Ng4 18. Kg1 Rxf2 19. h3 Rg2+ 0-1

[Event "Mecklenburg VP-ch U14"]
[Site "Malchow"]
[Date "2014.02.01"]
[Round "1"]
[White "Ladwig, Nick"]
[Black "Schamber, Dennis"]
[Result "0-1"]
[WhiteElo "1221"]
[BlackElo "1560"]
[PlyCount "40"]
[EventDate "2014.02.01"]
[EventType "swiss"]
[EventRounds "7"]
[EventCountry "GER"]
[SourceTitle "EXT 2017"]
[Source "ChessBase"]
[SourceDate "2016.10.25"]
[SourceVersion "1"]
[SourceVersionDate "2016.10.25"]
[SourceQuality "1"]

1. e4 d6 2. f4 Nf6 3. Nc3 g6 4. Nf3 Bg7 5. d3 0-0 6. Be3 c6 7. Be2 b5 8. a3 a5 9. 0-0 Ba6 10. Qd2 Ng4 11. h3 Nxe3 12. Qxe3 Nd7 13. g4 Rb8 14. h4 c5 15. f5 Ne5 16. Nh2 Nxg4 17. Bxg4 Bd4 18. Qxd4 cxd4 19. Nd5 Bb7 20. Nf4 Qc7 0-1

[Event "Mecklenburg VP-ch U10"]
[Site "Malchow"]
[Date "2011.02.14"]
[Round "3.1"]
[White "Ladwig, Nick"]
[Black "Goeths, Carl"]
[Result "0-1"]
[WhiteElo "797"]
[BlackElo "792"]
[PlyCount "66"]
[EventDate "2011.02.14"]
[EventType "swiss"]
[EventRounds "7"]
[EventCountry "GER"]
[SourceTitle "EXT 2022"]
[Source "ChessBase"]
[SourceDate "2021.10.06"]
[SourceVersion "1"]
[SourceVersionDate "2021.10.06"]
[SourceQuality "1"]

1. e4 e5 2. Nf3 Nc6 3. Nc3 Nf6 4. d4 exd4 5. Nxd4 Bb4 6. Nxc6 Bxc3+ 7. bxc3 bxc6 8. Bg5 0-0 9. e5 Re8 10. Bxf6 Qxf6 11. Be2 Qxe5 12. f3 d5 13. Rf1 Bb7 14. f4 Qxc3+ 15. Kf2 Re4 16. Kg1 Qe3+ 17. Rf2 Rxf4 18. Qf1 Rxf2 19. Qxf2 Re8 20. Rf1 f6 21. Qxe3 Rxe3 22. Bg4 Kf7 23. Rb1 Ba6 24. Rb4 Bb5 25. Kf2 Rc3 26. Bf5 g6 27. Rb3 Rxb3 28. cxb3 gxf5 29. Ke3 Kg6 30. h4 Kh5 31. g3 Kg4 32. Kf2 f4 33. gxf4 Kxf4 0-1

[Event "Mecklenburg VP-ch U10"]
[Site "Malchow"]
[Date "2011.02.14"]
[Round "5.3"]
[White "Wurst, Maximilian1111"]
[Black "Ladwig, Nick"]
[Result "1-0"]
[WhiteElo "766"]
[BlackElo "797"]
[PlyCount "77"]
[EventDate "2011.02.14"]
[EventType "swiss"]
[EventRounds "7"]
[EventCountry "GER"]
[SourceTitle "EXT 2022"]
[Source "ChessBase"]
[SourceDate "2021.10.06"]
[SourceVersion "1"]
[SourceVersionDate "2021.10.06"]
[SourceQuality "1"]

1. e4 e5 2. Nf3 Nc6 3. Bc4 Bc5 4. 0-0 Nf6 5. Nc3 0-0 6. d3 d6 7. Be3 Bxe3 8. fxe3 a6 9. Bd5 Bd7 10. Ng5 Nxd5 11. exd5 Qxg5 12. dxc6 Qxe3+ 13. Kh1 Bxc6 14. Re1 Qf2 15. Re2 Qb6 16. Rb1 h5 17. Ne4 f5 18. Ng5 Rf6 19. h4 e4 20. dxe4 fxe4 21. Nxe4 Bxe4 22. Rxe4 Raf8 23. Re1 Qc6 24. c3 Rf2 25. Rg1 R8f4 26. Qxh5 Qd5 27. Qxd5+ Kh8 28. g3 c6 29. Qxd6 Rf6 30. Qb8+ Kh7 31. Qxb7 Kh8 32. Qxa6 g5 33. Qc8+ Kg7 34. Rg2 Rf1+ 35. Rxf1 Rxf1+ 36. Kh2 gxh4 37. gxh4+ Kh7 38. Qd7+ Kh6 39. Qg7+ 1-0